|
|
|
|
| LEADER |
00000csb a2200000 a 4500 |
| 005 |
20230308203806.0 |
| 008 |
008061| ||||||||r|||||||||||spa|| |
| 020 |
|
|
|a 01860194
|
| 040 |
|
|
|b spa
|
| 041 |
0 |
|
|a Es
|
| 082 |
0 |
|
|a 616.05
|b 30933-2
|
| 245 |
|
|
|a Vertebroplastia y cifoplastia
|c William Lavelle y otros
|h imp
|
| 264 |
|
|
|a Barcelona
|b ElsevierMasson
|c 2007
|
| 300 |
|
|
|a páginas: 299-314
|
| 300 |
|
|
|b il
|
| 310 |
|
|
|a cuatrimestral
|
| 362 |
|
|
|a 91; 2
|
| 520 |
3 |
|
|a Las fracturas vertebrales por aplastamiento se producen con mayor frecuencia que las fracturas de cadera y tobillo juntas. Estas fracturas por fragilidad provocan un dolor agudo y crónico, pero, sobre todo, causan mayor morbiliad y posiblemente mortalidad. El refuerzo vertebral percutáneo es un método minimamente invasivo para el tratamiento de las fracturas vertebrales por aplastamiento. Se revisan la historia, la técnica y los resultados de la vertebroplastia y la citofoplastia. Ambos métodos permiten introducir cemento óseo en el foco de la fractura y sus resultados clínicos muestran un alivio importante del dolor en aproximadamente el 90de los pacientes
|
| 650 |
1 |
|
|a Vertebroplastia
|9 94181
|
| 650 |
1 |
|
|a Cifoplastia
|9 94182
|
| 773 |
0 |
|
|0 30933
|9 30933
|d Barcelona ElsevierMasson 2007
|o 30933
|w 30933
|z 0186-0194
|t Clínicas médicas de norteamérica
|6 30933
|
| 852 |
|
|
|a UC-SALUD
|f Compra
|k teresa.torres
|l 1
|m Limitada
|p 20080616
|q $59,50
|b 1
|d CDRS
|e CDRS
|g 616.05 30933-2
|z 2008-80-61
|
| 942 |
|
|
|c SERA
|
| 999 |
|
|
|c 106980
|d 106980
|